Music Quiz

Random Music or Song Quiz

Last Word: Led Zeppelin Edition Quiz Stats

 Plays Quiz not verified by Sporcle

Challenge
Share
Tweet
Embed
Score 0/40 Timer 05:00
0 Plays Today
Last Word Song Title % Correct
...RollRock and Roll
98.8%
...EvermoreThe Battle of Evermore
94.5%
...CaliforniaGoing to California
92.3%
...HolyHouses of the Holy
92.2%
...HeavenStairway to Heaven
91.8%
...BreakdownCommunication Breakdown
89.5%
...QuarterNo Quarter
88.6%
...HopMisty Mountain Hop
86.7%
...ConfusedDazed and Confused
86.4%
...DyingIn My Time of Dying
81%
...EveningIn the Evening
81%
...RainFool in the Rain
78.7%
...PieCustard Pie
78.3%
...PoleGallows Pole
77%
...DaysDancing Days
75.5%
...StandAchilles Last Stand
75.2%
...SticksFour Sticks
75.2%
...SameThe Song Remains the Same
73.5%
...FootTrampled Under Foot
71.5%
...SeasideDown by the Seaside
70.9%
Last Word Song Title % Correct
...BreaksWhen the Levee Breaks
70.8%
...TilesOut on the Tiles
67.6%
...WomanBlack Country Woman...
64.8%
...LightIn the Light
63.6%
...StuBoogie with Stu
59.5%
...FlightNight Flight
58.3%
...AwayOver the Hills and Far Away
56.8%
...CrawlI'm Gonna Crawl
56.6%
...GoneTen Years Gone
55%
...OrleansRoyal Orleans
50.6%
...TearingWearing and Tearing
49.9%
...SaurezSouth Bound Saurez
49.3%
...RockCandy Store Rock
43.8%
...MineNobody's Fault but Mine
43.3%
...GrooveWe're Gonna Groove
43.3%
...NowhereHots on for Nowhere
38.4%
...LifeFor Your Life
35.9%
...ComeYour Time is Gonna Come
35.5%
...WalkWalter's Walk
34.1%
...BluesTraveling Riverside Blues
28.8%

You're not logged in!

Compare scores with friends on all Sporcle quizzes.
OR
Log In

You Might Also Like...

Show Comments

Extras

Top Quizzes Today


Score Distribution

Your Account Isn't Verified!

In order to create a playlist on Sporcle, you need to verify the email address you used during registration. Go to your Sporcle Settings to finish the process.

Report this User

Report this user for behavior that violates our Community Guidelines.

Details: